| 000 | 00964nac a22002891u 4500 | ||
|---|---|---|---|
| 999 |
_c2983 _d2983 |
||
| 003 | EG-ScBUE | ||
| 005 | 20210425092229.0 | ||
| 008 | 200219r19551912enk f 000 p eng d | ||
| 035 | _a(OCoLC)968659 | ||
| 040 |
_aEG-ScBUE _beng _erda _cEG-ScBUE _dEG-ScBUE |
||
| 082 | 0 | 4 |
_a821.80822 _bOXF _222 |
| 100 | _a20080729 | ||
| 245 | 0 | 4 |
_aThe Oxford book of Victorian verse / _cchosen by Arthur Quiller-Couch. |
| 250 | _aReprinted edition. | ||
| 264 | 1 |
_aOxford : _bAt the Clarendon Press, _c1955. |
|
| 300 |
_axv, 1023 pages ; _c20 cm |
||
| 336 |
_2rdacontent _atext _btxt |
||
| 337 |
_2rdamedia _aunmediated _bn |
||
| 338 |
_2rdacarrier _avolume _bnc |
||
| 650 | 7 |
_aEnglish poetry _y19th century. _2BUEsh |
|
| 651 | _2BUEsh | ||
| 653 |
_bHHUUEENN _cApril2021 |
||
| 655 |
_vReading book _934232 |
||
| 700 | 1 |
_aQuiller-Couch, Arthur Thomas, _cSir, _d1863-1944, _ecollector. |
|
| 942 |
_cBB _k821.808C83 _2ddc |
||